Statistics for Current Eastenders characters (March 2019)

Click here to take the quiz!

General Stats

  • This quiz has been taken 118 times
  • The average score is 42 of 61

Answer Stats

HintAnswer% Correct
BealeIan
99%
CottonDot
96%
MitchellPhil
96%
SlaterKat
95%
RickmanDennis
91%
BranningMax
91%
CarterMick
89%
MitchellSharon
89%
FowlerStacey
89%
CarterLinda
88%
FoxKim
87%
AllenRuby
87%
HighwayCallum
86%
FowlerMartin
86%
FoxDenise
84%
ButcherTiffany
83%
BranningJack
82%
CarterShirley
82%
TruemanPatrick
80%
MitchellBilly
79%
SlaterJean
79%
BealeKathy
79%
HarrisMo
79%
BrownJay
78%
TaylorKaren
78%
HighwayStuart
78%
TaylorKeanu
76%
KazemiKush
76%
DeanWhitney
76%
JacksonSonia
75%
TaylorKeegan
74%
MitchellLouise
72%
CarterTina
70%
TaylorBernadette
68%
MitchellHoney
68%
OwenMel
68%
MoonTommy
68%
AtkinsChantelle
66%
FowlerRebecca
66%
AtkinsGray
64%
FowlerLily
64%
CarterOllie
63%
MoonErnie
61%
FowlerArthur
59%
MitchellJanet
59%
BakerMitch
59%
BranningAbi
58%
FowlerHope
57%
BranningAmy
55%
Fox-HubbardPearl
55%
MoonBert
51%
MitchellWilliam
51%
BakerBailey
50%
BranningRainie
45%
BranningRichard
42%
TaylorRiley
41%
AhmedHabiba
37%
AhmedIqra
33%
SlaterCherry
22%
Fox-HubbardMika
13%
TaylorChathum
8%

Score Distribution

Percentile by Number Answered

Percent of People with Each Score

Your Score History

You have not taken this quiz